000
00229nam a2200097Ia 4500
001
709684
005
20250826162552.0
008
250824s9999 xx 000 0 und d
245
0
_a
ÖLÜ CANLAR
_c
GOGOL
260
_b
AKVARYUM YAYINLARI
999
_c
709684
_d
709684